Catalog

Record Details

Catalog Search



Pasivita, břemeno, nebo výzva? : role zřizovatele ZŠ při zajišťování rovného přístupu ke vzdělání  Cover Image Book Book

Pasivita, břemeno, nebo výzva? : role zřizovatele ZŠ při zajišťování rovného přístupu ke vzdělání / editor Jaroslav Šotola

Šotola, Jaroslav (Editor).

Record details

  • Physical Description: 62 stran cm
  • Publisher: Praha :  Člověk v tísni, o.p.s, [ne před 2007]

Available copies

  • 1 of 1 copy available at Common Catalog SPOK.

Holds

  • 0 current holds with 1 total copy.
Show Only Available Copies
Location Call Number / Copy Notes Barcode Shelving Location Status Due Date
Varianty IKV Met Šo 4605402200N Šafaříkova 17 - 5. patro, IKV Available -

LDR nam a22 i 4500
00151338
003CZ-PrJAB
00520221024065925.0
007ta
008 s2007 xr e 000 0 cze
040 . ‡aABH006 ‡bcze ‡erda
24510. ‡aPasivita, břemeno, nebo výzva? : ‡brole zřizovatele ZŠ při zajišťování rovného přístupu ke vzdělání / ‡ceditor Jaroslav Šotola
264 1. ‡aPraha :  ‡bČlověk v tísni, o.p.s, ‡c[ne před 2007]
300 . ‡a62 stran ‡ccm
336 . ‡atext ‡btxt ‡2rdacontent
338 . ‡asvazek ‡bnc ‡2rdacarrier
6530 . ‡azákladní školy ‡azřizovatelé ‡arovný přístup ‡avzdělávání ‡azajištění
7001 . ‡aŠotola, Jaroslav ‡4edt
910 . ‡aABH006
901 . ‡a51338 ‡bAUTOGEN ‡c51338 ‡tbiblio

Additional Resources